Pokémon di Tipo Buio - Statistics

Statistiche generali
  • Questo quiz è stato fatto 79 volte
  • Il punteggio medio è 7 su 15
Statistiche sulle risposte
Pokédex Pokémon % Corretto
#493 (Con Lastra Buio) Arceus
75%
#052 (Forma di Alola) Meowth
70%
#197 Umbreon
70%
#053 (Forma di Alola) Persian
67%
#491 Darkrai
57%
#359 (Megaevoluzione e non) Absol
53%
#773 (Con ROM Buio) Silvally
53%
#571 Zoroark
43%
#570 Zorua
42%
#262 Mightyena
39%
#261 Poochyena
39%
#509 Purrloin
34%
#510 Liepard
33%
#827 Nickit
14%
#828 Thievul
14%
Nessun quiz corrispondente trovato
Distribuzione punteggi
Percentuale di utenti per punteggio
Percentile per numero di risposta
I tuoi punteggi nel tempo
Non hai fatto questo quiz